书目信息 |
| 题名: |
电子产品的生产与检验
|
|
| 作者: | 刘红兵 , 邓木生 主编 | |
| 分册: | ||
| 出版信息: | 北京 高等教育出版社 2012.12 |
|
| 页数: | 340页 | |
| 开本: | 26cm | |
| 丛书名: | ||
| 单 册: | ||
| 中图分类: | TN0 , TN06 | |
| 科图分类: | ||
| 主题词: | 电子产品--生产工艺--高等职业教育--教材 , 电子产品--检验--高等职业教育--教材 , 电子产品 , 生产工艺 | |
| 电子资源: | ||
| ISBN: | 978-7-04-036350-0 | |
| 000 | 01104nam0 2200301 450 | |
| 001 | 0400002584 | |
| 005 | 20171026084612.34 | |
| 010 | @a978-7-04-036350-0@dCNY38.50 | |
| 100 | @a20171021e20172012em y0chiy ea | |
| 101 | 0 | @achi |
| 102 | @aCN@b110000 | |
| 105 | @aa z 000yy | |
| 106 | @ar | |
| 200 | 1 | @a电子产品的生产与检验@9dian zi chan pin de sheng chan yu jian yan@f刘红兵,邓木生主编 |
| 210 | @a北京@c高等教育出版社@d2012.12@h2017.1 | |
| 215 | @a340页@c图@d26cm | |
| 300 | @a高等职业教育专业教学资源库建设项目规划教材 高等职业教育应用电子技术专业教学资源库 | |
| 330 | @a本书内容包括电子产品生产工艺基础、常用电子元器件的识别与检测、通孔插装工艺电子产品的手工装接、通孔插装工艺电子产品的半自动化生产、表面贴装工艺电子产品的手工装配等。 | |
| 606 | 0 | @a电子产品@x生产工艺@x高等职业教育@j教材 |
| 606 | 0 | @a电子产品@x检验@x高等职业教育@j教材 |
| 606 | 0 | @a电子产品 |
| 606 | 0 | @a生产工艺 |
| 690 | @aTN0@v5 | |
| 690 | @aTN06@v5 | |
| 701 | 0 | @a刘红兵@9liu hong bing@4主编 |
| 701 | 0 | @a邓木生@9deng mu sheng@4主编 |
| 801 | 0 | @aCN@b91MARC@c20171021 |
| 905 | @b1032475-9@dTN0@f5@e125 | |
| 电子产品的生产与检验/刘红兵,邓木生主编.-北京:高等教育出版社,2012.12(2017.1) |
| 340页:图;26cm |
| 高等职业教育专业教学资源库建设项目规划教材 高等职业教育应用电子技术专业教学资源库 |
| ISBN 978-7-04-036350-0:CNY38.50 |
| 本书内容包括电子产品生产工艺基础、常用电子元器件的识别与检测、通孔插装工艺电子产品的手工装接、通孔插装工艺电子产品的半自动化生产、表面贴装工艺电子产品的手工装配等。 |
| ● |
| 相关链接 |
|
|
|
|
正题名:电子产品的生产与检验
索取号:TN0/125
 
预约/预借
| 序号 | 登录号 | 条形码 | 馆藏地/架位号 | 状态 | 备注 |
| 1 | 1032475 | 210324754 | 第二样本阅览室/ [索取号:TN0/125] | 在馆 | |
| 2 | 1032476 | 210324763 | 密集书库-物理学院/ [索取号:TN0/125] | 在馆 | |
| 3 | 1032477 | 210324772 | 第三借阅区/ [索取号:TN0/125] | 在馆 | |
| 4 | 1032478 | 210324781 | 第三借阅区/ [索取号:TN0/125] | 在馆 | |
| 5 | 1032479 | 210324790 | 第三借阅区/ [索取号:TN0/125] | 在馆 |